| 000 | 00447pab a2200157 454500 | ||
|---|---|---|---|
| 008 | 180718b2009 xxu||||| |||| 00| 0 eng d | ||
| 100 | _aLibanio, Gilberto A. | ||
| 245 | _aAggregate demand and the endogeneity of the natural rate of growth: evidence from Latin American economies | ||
| 260 | _c2009 | ||
| 300 | _ap.967-84. | ||
| 362 | _aSep | ||
| 650 | _aEconomics | ||
| 773 | _aCambridge Journal of Economics | ||
| 908 | _aN | ||
| 909 | _a83838 | ||
| 999 |
_c83838 _d83838 |
||